|
|
|
|
| LEADER |
01049nam a2200229 a 4500 |
| 008 |
100510s2001 ii a b 001 0 eng d |
| 020 |
|
|
|a 8170228905
|
| 040 |
|
|
|a EEM
|c EEM
|d BD-DhAAL
|
| 082 |
0 |
4 |
|a 333.7515091724
|2 22
|
| 100 |
1 |
|
|a Bhattacharya, Ajoy Kumar.
|
| 245 |
1 |
0 |
|a Community participation and sustainable forest development :
|b global perspectives /
|c Ajoy Kumar Bhattacharya.
|
| 260 |
|
|
|a New Delhi :
|b Concept Pub.,
|c 2001.
|
| 300 |
|
|
|a 140 p. :
|b ill. ;
|c 22 cm.
|
| 504 |
|
|
|a Includes bibliographical references (p. [122]-135) and index.
|
| 541 |
1 |
|
|e 00020157
|
| 650 |
|
0 |
|a Sustainable forestry
|z Developing countries.
|
| 650 |
|
0 |
|a Sustainable forestry
|x Citizen participation.
|
| 650 |
|
0 |
|a Forest management
|x Citizen participation.
|
| 650 |
|
0 |
|a Forest policy
|z Developing countries
|x Citizen participation.
|
| 852 |
4 |
|
|a Ayesha Abed Library
|j General Shelf
|
| 999 |
|
|
|c 8472
|d 8472
|
| 952 |
|
|
|0 0
|1 0
|2 ddc
|4 0
|6 333_751509172400000_BHA_2001
|7 0
|9 9976
|a IGS
|b IGS
|c GEN
|d 2010-05-10
|l 1
|m 3
|o 333.7515091724 BHA
|p 3010020157
|r 2014-06-09
|s 2012-12-31
|t 1
|w 2010-05-10
|y BK
|